The dragon dance / (Record no. 2164)

MARC details
000 -LEADER
fixed length control field 01231nam a22002417a 4500
005 - DATE AND TIME OF LATEST TRANSACTION
control field 20231108100505.0
020 ## - INTERNATIONAL STANDARD BOOK NUMBER
International Standard Book Number 9780199185047
040 ## - CATALOGING SOURCE
Original cataloging agency FISKH
Language of cataloging eng
Transcribing agency FISKH
Modifying agency FISKH
082 ## - DEWEY DECIMAL CLASSIFICATION NUMBER
Classification number 428.6
100 ## - MAIN ENTRY--PERSONAL NAME
Personal name Hunt, Roderick
245 ## - TITLE STATEMENT
Title The dragon dance /
Statement of responsibility, etc. Roderick Hunt Alex Brychta
260 ## - PUBLICATION, DISTRIBUTION, ETC.
Name of publisher, distributor, etc. Oxford University Press,
Date of publication, distribution, etc. 1997
300 ## - PHYSICAL DESCRIPTION
Extent 24 pages :
Dimensions 20 cm
505 ## - FORMATTED CONTENTS NOTE
Formatted contents note H
520 ## - SUMMARY, ETC.
Summary, etc. The teaching notes for the Oxford Reading Tree Biff, Chip and Kipper books are full of practical suggestions for using the storybooks, saving you hours of preparation time. They have been updated in line with the simple view of reading and the renewed Primary Framework for Literacy. They nowinclude guidance for group/guided reading, comprehension and word recognition, and assessment. These replace the existing Teaching Notes and Guided Reading Cards.The storybooks are unchanged, but notes for parents/carers and teaching assistants have been added to the inside covers. These notes replace the existing Take-Home Cards.
521 ## - TARGET AUDIENCE NOTE
Target audience note 500
Source Lexile estimate
521 ## - TARGET AUDIENCE NOTE
Target audience note H
Source Raz-Plus
650 ## - SUBJECT ADDED ENTRY--TOPICAL TERM
Topical term or geographic name entry element Chinese New Year
650 ## - SUBJECT ADDED ENTRY--TOPICAL TERM
Topical term or geographic name entry element Chinese Tradition
700 ## - ADDED ENTRY--PERSONAL NAME
Personal name Brychta, Alex
Relator term Illustrator
942 ## - ADDED ENTRY ELEMENTS (KOHA)
Source of classification or shelving scheme Dewey Decimal Classification
Koha item type Books
Suppress in OPAC No
999 ## -
-- 2164
-- 2164
Holdings
Withdrawn status Lost status Source of classification or shelving scheme Damaged status Not for loan Collection Home library Current library Shelving location Date acquired Total Checkouts Full call number Barcode Date last seen Price effective from Koha item type
    Dewey Decimal Classification     Juvenile Fiction Footprints International School Library Network Toul Kork Campus Footprints International School Library Network Toul Kork Campus TK Primary Library Room(4th Floor), Bookcase 1&2, Shelves 1-16, Dark Blue Books 11/08/2023   HUN 428.6 2023-0737 11/08/2023 11/08/2023 Books